Seattle-Tacoma International Airport Destinations (Seattle, WA, USA) - Statistics

General Stats
  • This quiz has been taken 415 times
    158 since last reset
  • The average score is 96 of 135
Answer Stats
Airline Destination % Correct
Alaska Airlines/American Eagle/Delta Air Lines/Frontier Airlines/JetBlue/United Airlines Los Angeles
95%
Alaska Airlines/Delta Air Lines/Delta Connection Portland (OR)
93%
Alaska Airlines/Delta Air Lines/Hawaiian Airlines Anchorage
92%
Alaska Airlines/American Airlines/Delta Air Lines/Frontier Airlines Dallas/Fort Worth
92%
Southwest Airlines Dallas (Love)
92%
Southwest Airlines Houston (Hobby)
92%
Alaska Airlines/United Airlines Houston (Intercontinental)
92%
Alaska Airlines/Delta Air Lines/Sun Country Airlines Minneapolis/St. Paul
92%
Alaska Airlines/American Airlines/American Eagle/Delta Air Lines/Frontier Airlines/Southwest Airlines Phoenix (Sky Harbor)
92%
All Nippon Airways/Delta Air Lines Tokyo (Haneda)
92%
Hawaiian Airlines/Japan Airlines Tokyo (Narita)
92%
Alaska Airlines/Delta Air Lines/JetBlue Boston
91%
Alaska Airlines/Delta Air Lines/Hawaiian Airlines Honolulu
91%
Alaska Airlines/Delta Air Lines/Delta Connection/United Airlines San Francisco
91%
Alaska Airlines/Delta Air Lines Atlanta
89%
Hainan Airlines Beijing (Capital)
89%
Southwest Airlines Chicago (Midway)
89%
Alaska Airlines/American Airlines/Delta Air Lines/United Airlines Chicago (O'Hare)
89%
Alaska Airlines/Delta Air Lines Detroit
89%
British Airways/Delta Air Lines/Virgin Atlantic London (Heathrow)
89%
Alaska Airlines/American Airlines/Delta Air Lines Miami
89%
Alaska Airlines/Delta Air Lines/JetBlue New York (JFK)
89%
Alaska Airlines/Delta Connection/Southwest Airlines San Jose (CA)
89%
Alaska Airlines/Delta Air Lines San José del Cabo
89%
Air Canada/Alaska Airlines Toronto (Pearson)
89%
Air Canada Express/Alaska Airlines/Delta Connection Vancouver
89%
Alaska Airlines/Delta Air Lines/Delta Connection/Frontier Airlines/Southwest Airlines/United Airlines Denver
88%
Aeroméxico Mexico City
88%
Air Canada Montréal (Trudeau)
88%
Alaska Airlines/Delta Air Lines Orlando
88%
Air France/Delta Air Lines Paris (Charles de Gaulle)
88%
Alaska Airlines/American Airlines Philadelphia
88%
Alaska Airlines/WestJet/WestJet Encore Calgary
87%
Condor/Lufthansa Frankfurt
87%
Alaska Airlines Indianapolis
87%
Alaska Airlines/Delta Air Lines/Frontier Airlines/Southwest Airlines Las Vegas
87%
Alaska Airlines/Delta Air Lines San Diego
87%
Alaska Airlines/Delta Air Lines/Southwest Airlines Nashville
86%
Alaska Airlines/Delta Air Lines Tampa
86%
American Airlines Charlotte
84%
Alaska Airlines/WestJet Encore Edmonton
84%
Alaska Airlines/United Airlines Newark
84%
Alaska Airlines New Orleans
84%
Asiana Airlines/Delta Air Lines/Hawaiian Airlines/Korean Air Seoul (Incheon)
84%
Delta Air Lines Shanghai (Pudong)
84%
Alaska Airlines/Delta Air Lines/United Airlines Washington (Dulles)
84%
Alaska Airlines/Delta Air Lines Washington (National)
84%
Alaska Airlines/Delta Air Lines Austin
83%
Lufthansa Munich
83%
Alaska Airlines Oklahoma City
83%
Alaska Airlines Pittsburgh
83%
Alaska Airlines/Southwest Airlines Baltimore
82%
Alaska Airlines/Delta Connection Boise
82%
Alaska Airlines/Delta Air Lines Cincinnati
82%
Alaska Airlines Cleveland
82%
Emirates Dubai (International)
82%
Alaska Airlines El Paso
82%
Alaska Airlines/Southwest Airlines Oakland
82%
Alaska Airlines/Delta Air Lines/Delta Connection/Southwest Airlines Sacramento
82%
Alaska Airlines Columbus (Glenn)
80%
Turkish Airlines Istanbul
80%
Alaska Airlines/Delta Air Lines/Southwest Airlines Kansas City
80%
Alaska Airlines Milwaukee
80%
Singapore Airlines Singapore
80%
Alaska Airlines/Southwest Airlines St. Louis
80%
Alaska Airlines Albuquerque
79%
Philippine Airlines Manila
79%
Alaska Airlines San Antonio
79%
Alaska Airlines/Delta Air Lines Raleigh/Durham
78%
Alaska Airlines/Delta Air Lines/Frontier Airlines Salt Lake City
78%
Alaska Airlines/Delta Air Lines/Delta Connection Spokane
78%
Aer Lingus Dublin
76%
Alaska Airlines Fresno
76%
Delta Air Lines Rome (Fiumicino)
76%
China Airlines/Delta Air Lines/EVA Air/Starlux Airlines Taipei (Taoyuan)
76%
Alaska Airlines Reno/Tahoe
75%
Icelandair Reykjavík
75%
Alaska Airlines/Delta Air Lines Cancún
74%
Alaska Airlines/Delta Air Lines Juneau
74%
Alaska Airlines/Delta Air Lines/Delta Connection Tucson
74%
Delta Air Lines Amsterdam
72%
Qatar Airways Doha
72%
Alaska Airlines/Delta Air Lines Fairbanks
71%
Edelweiss Air Zürich
70%
Alaska Airlines/Delta Connection Bozeman
68%
Scandinavian Airlines Copenhagen
68%
Finnair Helsinki
68%
Alaska Airlines Billings
67%
Alaska Airlines/Delta Connection Eugene
67%
Aeroméxico/Volaris Guadalajara
67%
Alaska Airlines/Delta Air Lines Fort Lauderdale
66%
Alaska Airlines Monterey
66%
Alaska Airlines Victoria
66%
Alaska Airlines Omaha
64%
Alaska Airlines Burbank
63%
Alaska Airlines/Delta Connection/Frontier Airlines Ontario
63%
Alaska Airlines Helena
59%
Alaska Airlines Wichita
59%
Alaska Airlines Charleston (SC)
58%
Alaska Airlines/Delta Air Lines/Delta Connection Orange County
58%
Delta Air Lines Barcelona
57%
Alaska Airlines/Delta Air Lines/Hawaiian Airlines Kahului
57%
Alaska Airlines Missoula
57%
Alaska Airlines/Delta Air Lines Lihue
54%
Alaska Airlines/Delta Air Lines Puerto Vallarta
54%
Alaska Airlines/Delta Connection Redmond/Bend
54%
Hainan Airlines Chongqing
51%
Alaska Airlines Idaho Falls
51%
Alaska Airlines Glacier Park/Kalispell
50%
Alaska Airlines Jackson Hole
50%
Alaska Airlines/Delta Connection Medford
50%
Alaska Airlines/Delta Air Lines Palm Springs
50%
Alaska Airlines Santa Barbara
49%
Alaska Airlines Eagle/Vail
46%
Alaska Airlines Fort Myers
46%
Air Tahiti Nui Papeete
46%
Alaska Airlines/WestJet Encore Kelowna
45%
Alaska Airlines Bellingham
43%
Alaska Airlines Ketchikan
43%
Alaska Airlines Great Falls
41%
Alaska Airlines Yakima
41%
Alaska Airlines/Delta Air Lines Kailua-Kona
39%
Alaska Airlines/Delta Connection Sitka
38%
Alaska Airlines/Delta Connection Tri-Cities (WA)
37%
Alaska Airlines Hayden/Steamboat Springs
34%
Alaska Airlines San Luis Obispo
34%
Alaska Airlines Redding
33%
Alaska Airlines/Delta Connection Sun Valley
33%
Alaska Airlines Walla Walla
32%
Alaska Airlines Wenatchee
32%
Alaska Airlines Pullman
29%
Alaska Airlines Santa Rosa
29%
Alaska Airlines Liberia (CR)
25%
Alaska Airlines Belize City
22%
Delta Connection Lewiston
21%
No matching quizzes found
Score Distribution
Percent of People with Each Score
Percentile by Number Answered
Your Score History
You have not taken this quiz since the last reset